The wheel bears no resemblance to a leg (Record no. 1723)
[ view plain ]
| 000 -LEADER | |
|---|---|
| campo de control de longitud fija | 00542nam a2200157 4500 |
| 008 - DATOS DE LONGITUD FIJA--INFORMACIÓN GENERAL | |
| campo de control de longitud fija | 708 M612w |
| 020 ## - NÚMERO INTERNACIONAL ESTÁNDAR DEL LIBRO | |
| Número Internacional Estándar del Libro | 9781879128422 |
| 082 ## - NÚMERO DE LA CLASIFICACIÓN DECIMAL DEWEY | |
| Número de clasificación | 708 |
| Número de ítem | M612w |
| 100 ## - ENTRADA PRINCIPAL--NOMBRE DE PERSONA | |
| Nombre de persona | Meyenberg, Erick |
| 9 (RLIN) | 6899 |
| 245 ## - MENCIÓN DEL TÍTULO | |
| Título | The wheel bears no resemblance to a leg |
| 260 ## - PUBLICACIÓN, DISTRIBUCIÓN, ETC. | |
| Lugar de publicación, distribución, etc. | Estados Unidos |
| Nombre del editor, distribuidor, etc. | Americas Society |
| Fecha de publicación, distribución, etc. | 2017 |
| 300 ## - DESCRIPCIÓN FÍSICA | |
| Extensión | 167 p. |
| Otras características físicas | ill (col) |
| Dimensiones | 24 x 18 cm |
| 505 ## - NOTA DE CONTENIDO CON FORMATO | |
| Mención de responsabilidad | Deborah Cullinam and Susan Segal |
| Título | Foreword |
| 650 ## - PUNTO DE ACCESO ADICIONAL DE MATERIA--TÉRMINO DE MATERIA | |
| Subdivisión general | arte contemporáneo |
| 9 (RLIN) | 977 |
| 700 ## - ENTRADA AGREGADA--NOMBRE PERSONAL | |
| Nombre de persona | Marta, Karen (edición); Rangel, Gabriela (edición); Sanromán, Lucía (edición) |
| 9 (RLIN) | 6900 |
| Estatus retirado | Estado de pérdida | Fuente del sistema de clasificación o colocación | Estado de daño | No para préstamo | Biblioteca de origen | Biblioteca actual | Ubicación en estantería | Fecha de adquisición | Total de préstamos | Signatura topográfica completa | Código de barras | Visto por última vez | Precio de reemplazo | Tipo de ítem Koha |
|---|---|---|---|---|---|---|---|---|---|---|---|---|---|---|
| Clasificación Decimal Dewey | Biblioteca LadoV | Biblioteca LadoV | 16/02/2019 | 708 M612w | 002976 | 16/02/2019 | 16/02/2019 | Material 01 |
